Statistics for Rolling Stones U.S. #1 hits

Click here to take the quiz!

General Stats

  • This quiz has been taken 119 times
  • The average score is 5 of 8

Answer Stats

HintAnswer% Correct
1965(I Can't Get No) Satisfaction
98%
1966Paint it black
80%
1971Brown Sugar
79%
1973Angie
67%
1978Miss You
56%
1969Honky Tonk Woman
46%
1967Ruby Tuesday
38%
1965Get Off My Cloud
21%

Score Distribution

Percentile by Number Answered

Percent of People with Each Score

Your Score History

You have not taken this quiz